| 000 | 00465nam a2200133Ia 4500 | ||
|---|---|---|---|
| 005 | 20260209120137.0 | ||
| 008 | 260209s9999||||xx |||||||||||||| ||und|| | ||
| 100 | _aDeepak Shukla | ||
| 245 | 4 | _aThe changing paradigm of sovereignty with the growth of human rights | |
| 260 |
_aBangaloreBangalore _bNLSIU _c2016 |
||
| 300 | _a97 p. ; 25 cm. | ||
| 700 | _aProf. H.K. Nagaraja - GuideProf. H.K. Nagaraja - Guide | ||
| 856 | _uhttps://dans.nls.ac.in/handle/123456789/1601 | ||
| 999 |
_c217257 _d217257 |
||